[Event "ROM-ch U08"]
[Site "Calimanesti Caciulata"]
[Date "2019.04.22"]
[Round "9"]
[White "Tirca, Terapont Razvan"]
[Black "Stoica Visan, Nicolas"]
[Result "1-0"]
[WhiteElo "1005"]
[BlackElo "1001"]
[PlyCount "139"]
[EventDate "2019.04.15"]
[EventType "swiss"]
[EventRounds "9"]
[EventCountry "ROU"]
[SourceTitle "CBM 190 Extra"]
[Source "ChessBase"]
[SourceDate "2019.07.15"]
[SourceVersion "1"]
[SourceVersionDate "2019.07.15"]
[SourceQuality "1"]

1. e4 e5 2. Nf3 Nc6 3. d4 d6 4. d5 Nce7 5. Nc3 Ng6 6. Bb5+ Bd7 7. Bg5 Nf6 8. Bxd7+ Qxd7 9. Qd2 Be7 10. 0-0 h6 11. Bh4 0-0 12. a3 Rfe8 13. Bg3 Rad8 14. h3 Nh5 15. Qe3 a6 16. Qa7 c6 17. dxc6 Qxc6 18. Rad1 Ngf4 19. Qe3 d5 20. Bxf4 Nxf4 21. exd5 Nxd5 22. Nxe5 Qe6 23. Qe4 Bf6 24. Nxd5 Bxe5 25. Rfe1 Bh2+ 26. Kxh2 Qd6+ 27. Nf4 Rxe4 28. Rxd6 Rde8 29. Rxe4 Rxe4 30. Nd3 g5 31. Kg3 Kg7 32. Rd7 Kg6 33. f4 Re3+ 34. Kf2 Re8 35. Rxb7 h5 36. Ra7 g4 37. h4 Kf5 38. g3 Ke4 39. Rxa6 Rc8 40. Ra4+ Kd5 41. Ke2 Rxc2+ 42. Ke3 Rg2 43. Rd4+ Ke6 44. Re4+ Kf6 45. b4 Rxg3+ 46. Kd2 Rg2+ 47. Re2 Rg1 48. Re1 Rg2+ 49. Re2 Rg1 50. Ne1 Rh1 51. b5 Rf1 52. b6 Rxf4 53. b7 Rd4+ 54. Nd3 Rd8 55. a4 Rb8 56. Nc5 Rd8+ 57. Ke1 Rg8 58. a5 g3 59. Rg2 Re8+ 60. Kf1 Rd8 61. Ke2 Re8+ 62. Kd3 Rd8+ 63. Kc4 Re8 64. a6 Kg7 65. a7 Re1 66. b8Q Rc1+ 67. Kd5 Rd1+ 68. Kc6 Rf1 69. Rxg3+ Kh6 70. Qh8# 1-0